
Library Catalogue

| 000 -LEADER | |
|---|---|
| fixed length control field | 00416nam a2200145Ia 4500 |
| 008 - FIXED-LENGTH DATA ELEMENTS--GENERAL INFORMATION | |
| fixed length control field | 180321s1970 xx 000 0 und d |
| 082 ## - DEWEY DECIMAL CLASSIFICATION NUMBER | |
| Classification number | 333.91 LEO |
| 100 ## - MAIN ENTRY--PERSONAL NAME | |
| Personal name | Leopold, Aldo |
| 245 ## - TITLE STATEMENT | |
| Title | A sand county almanac with essays on conservation from round river |
| 260 ## - PUBLICATION, DISTRIBUTION, ETC. | |
| Place of publication, distribution, etc. | New York |
| Name of publisher, distributor, etc. | Ballantine Books |
| Date of publication, distribution, etc. | 1970 |
| 300 ## - PHYSICAL DESCRIPTION | |
| Extent | 295 |
| 650 ## - SUBJECT ADDED ENTRY--TOPICAL TERM | |
| Topical term or geographic name entry element | Land ethic |
| 650 ## - SUBJECT ADDED ENTRY--TOPICAL TERM | |
| Topical term or geographic name entry element | The green pasture |
| 700 ## - ADDED ENTRY--PERSONAL NAME | |
| Personal name | Schwartz, Charles W |
| Withdrawn status | Lost status | Damaged status | Not for loan | Collection code | Home library | Current library | Shelving location | Date acquired | Total Checkouts | Barcode | Date last seen | Price effective from | Koha item type |
|---|---|---|---|---|---|---|---|---|---|---|---|---|---|
| . | . | 08.12.2017 | REP13109 | 29.03.2018 | 29.03.2018 | Repository |